| 000 | 00687nam a2200229Ia 4500 | ||
|---|---|---|---|
| 003 | OSt | ||
| 005 | 20230525122510.0 | ||
| 008 | 210423s2014 xx 000 0 und d | ||
| 020 | _a978-93-5110-591-6 | ||
| 040 | _cAL | ||
| 041 | _aeng | ||
| 082 |
_a332.45 _223 _b RAJF |
||
| 100 |
_aRAJWADE (A V);DESAI (H G) _9108262 |
||
| 245 | _aForeign exchange international finance and risk management | ||
| 260 |
_aMumbai _bShroff Publishers & Distributors _c2014 |
||
| 300 |
_axx,408,7 _bPB |
||
| 365 |
_b650 _cINR |
||
| 650 |
_aEconomics _9108263 |
||
| 650 |
_aFinancial Economics _9108264 |
||
| 906 | _aexchange ; finance ; Foreign ; international ; management ; risk | ||
| 942 |
_2ddc _cBK |
||
| 999 |
_c167318 _d167318 |
||